Freedom at midnight / (Record no. 26704)

MARC details
000 -LEADER
fixed length control field 00930nam a2200253 i 4500
005 - DATE AND TIME OF LATEST TRANSACTION
control field 20090523114536.0
008 - FIXED-LENGTH DATA ELEMENTS--GENERAL INFORMATION
fixed length control field 760910s1975 enkabcf b 001 0 eng
010 ## - LCCN (DPL NO)
LC control number ENG-93675
020 ## - INTERNATIONAL STANDARD BOOK NUMBER
International Standard Book Number 9788125931645
Terms of availability 425.00
035 ## - SYSTEM CONTROL NUMBER
System control number EN-77208
037 ## - SOURCE OF ACQUISITION
Source of stock number/acquisition DBAD / PUB
040 ## - CATALOGING SOURCE
Original cataloging agency dpl
Language of cataloging English
082 ## - DEWEY DECIMAL CLASSIFICATION NUMBER
Classification number 954.085
100 ## - MAIN ENTRY--PERSONAL NAME
Personal name Lapierre, Dominique
245 ## - TITLE STATEMENT
Title Freedom at midnight /
Statement of responsibility, etc by Dominique Lapierre [and] Larry Collins
260 ## - PUBLICATION, DISTRIBUTION, ETC. (IMPRINT)
Place of publication, distribution, etc New Delhi
Name of publisher, distributor, etc Vikas Publishing House
Date of publication, distribution, etc 1997
270 ## - ADDRESS
Address 576, Masjid Road, Jangpura,
City New Delhi
Postal code 110014
300 ## - PHYSICAL DESCRIPTION
Extent lx, 774p.
Other physical details maps
Dimensions 23cm(pbk)
500 ## - GENERAL NOTE
General note Includes index.
651 ## - SUBJECT ADDED ENTRY--GEOGRAPHIC NAME
Geographic name India
General subdivision History
Chronological subdivision 1947-
700 ## - ADDED ENTRY--PERSONAL NAME
Personal name Collins, Larry
942 ## - ADDED ENTRY ELEMENTS (KOHA)
Source of classification or shelving scheme Dewey Decimal Classification
Item type English Books
Classification part 954.085
Call number suffix LAP
Holdings
Withdrawn status Lost status Source of classification or shelving scheme Damaged status Not for loan Collection code Home library Current library Date acquired Source of acquisition Cost, normal purchase price Total Checkouts Full call number Barcode Date last seen Copy number Cost, replacement price Koha item type
    Dewey Decimal Classification   Not For Loan Non-fiction D.B.Act.Division D.B.Act.Division 23/05/2009 DBAD / PUB 425.00   954.085 LAP EN-77208 23/05/2009 1 425.00 English Books

© Delhi Public Library
Hit Counter
free hit counter